Οδηγός διδασκαλίας της αριθμητικής εν τω δημοτικώ σχολείω : μετά διαγραμμάτων διδασκαλίας και ποικίλων προβλημάτων

Αποθηκεύτηκε σε:
Λεπτομέρειες βιβλιογραφικής εγγραφής
Κύριος συγγραφέας: Κυριακάτος Χάρ
Μορφή: Βιβλίο
Γλώσσα:Greek
Δημοσίευση: Εν Αθήναις : Εκδότης Ιωάννης Δ. Κολλάρος Βιβλιοπωλείον της "Εστίας", 1922.
Θέματα:
Διαθέσιμο Online:http://hdl.handle.net/11610/16859
Ετικέτες: Προσθήκη ετικέτας
Δεν υπάρχουν, Καταχωρήστε ετικέτα πρώτοι!

MARC

LEADER 00000cam a2200000 a 4500
001 1/108614
008 150914s1922####gr | ||| |||| ||gre||
040 |a GR-MyUa  |b gre  |c GR-MyUa  |e AACR2 
041 0 |a gre 
082 7 |a 513   |2 (23) 
100 1 |a Κυριακάτος Χάρ. 
245 1 0 |a Οδηγός διδασκαλίας της αριθμητικής εν τω δημοτικώ σχολείω :   |b μετά διαγραμμάτων διδασκαλίας και ποικίλων προβλημάτων /   |c Χαραλάμπους Κυριακάτου. 
260 |a Εν Αθήναις :   |b Εκδότης Ιωάννης Δ. Κολλάρος Βιβλιοπωλείον της "Εστίας",   |c 1922.  
300 |a 126 σ. ;   |c 23 εκ.  
500 |a Η καταλογογράφηση έγινε απο τον συλλογικό κατάλογο. 
500 |a Υπάρχει ψηφιακό αντίγραφο.  
650 0 |a Arithmetic  |x Study and teaching (Elementary) 
852 |a INST  |b SAMOS  |c PORFYRIADA  |e 20150914  |h 513 ΚΥΡ  |p 005300042677  |q 005300042677  |t NOLOAN  |y 23 
856 |u http://hdl.handle.net/11610/16859 
970 |a Σιτζίμη  |b Γιασεμή  |z 14/09/2015